U.S. States by Obscure Official State Symbols - Click Quiz - Statistics

General Stats
  • This quiz has been taken 53 times
  • The average score is 23 of 51
Answer Stats
Hint Answer % Correct
Official Dance: Hula Hawaii
94%
Official Gemstone Cut: Lone Star Cut Texas
94%
Official Sport: Dog Mushing Alaska
91%
Official Vegetable: Potato Idaho
89%
Official Music: Bluegrass Kentucky
89%
Official Crustacean: Lobster Maine
86%
Official Flower: Saquaro Cactus Bloom Arizona
83%
Official Song: "Rocky Mountain High" Colorado
80%
Official Historical Rock: Plymouth Rock Massachusetts
80%
Official Tree: ____ Buckeye Ohio
80%
Official Marine Mammal: _______ Manatee Florida
77%
Official Cuisine: Gumbo Louisiana
77%
Official Dog: Chesapeake Bay Retriever Maryland
77%
Official Sport: Ice Hockey Minnesota
69%
Official Vegetable: Walla Walla Sweet Onion Washington
69%
Official Domestic Animal: Dairy Cow Wisconsin
69%
Official Emblem: Beehive Utah
63%
Official Flower: Wild Native Sunflower Kansas
57%
Official Shell: Quahaug Rhode Island
57%
Official Tree: Sabal Palmetto South Carolina
57%
Official Tree: Southern Magnolia Mississippi
54%
Official Jewelry: Black Hills Gold South Dakota
54%
Official Song: "These Green Mountains" Vermont
54%
Official Rock: Granite New Hampshire
51%
Official Slogan: "________ is for Lovers" Virginia
51%
Official March: "Our Nation's Capital" District of Columbia
49%
Official Bird: ________ Blue Hen Delaware
37%
Official Rock: Bituminous Coal West Virginia
37%
Official Reptile: Desert Tortoise Nevada
34%
Official Sport: Rodeo Wyoming
34%
Official Gem: Isle Royale Greenstone Michigan
31%
Official Mammal: Grizzly Bear Montana
31%
Official Honorary Equine: Nokota Horse North Dakota
31%
Official Outdoor Drama: "The Miracle Worker" Alabama
26%
Official Fabric: Denim California
26%
Official River: Wabash River Indiana
23%
Official Cantata: "The Nutmeg" Connecticut
17%
Official Symbol: A covered wagon pulled by a pair of oxen Nebraska
17%
Official Horse: _________ Walking Horse Tennessee
17%
Official Sport: Stock Car Racing North Carolina
14%
Official Monument: Golden Driller Oklahoma
14%
Official Musical Instrument: Fiddle Arkansas
11%
Official Dog: Seeing Eye Dog New Jersey
9%
Official Question: "Red or Green?" New Mexico
9%
Official Muffin: Apple Muffin New York
9%
Official Prepared Food: Grits Georgia
6%
Official Prairie Grass: Big Bluestem Illinois
6%
Official Flower: Wild Rose Iowa
6%
Official Wonder Dog: Jim the Wonder Dog Missouri
6%
Official Microbe: Brewer's Yeast Oregon
6%
Official Ship: U.S. Brig Niagara Pennsylvania
6%
No matching quizzes found
Score Distribution
Percent of People with Each Score
Percentile by Number Answered
Your Score History
You have not taken this quiz